Sports Quiz

Random Sports or Blitz Quiz

Missing Team Blitz III Quiz Stats

Quiz Updated Jul 8, 2014

Also try: Missing Team Blitz
Challenge
Share
Tweet
Embed
Score 0/18 Timer 07:00
0 Plays Today
Teams Missing Team % Correct
Mariners, MetsMarlins
75.6%
Saints, SteelersSeahawks
75.5%
Astros, AthleticsAngels
69.7%
Phillies, PiratesPadres
65.6%
Hawks, HornetsHeat
64.2%
Packers, PatriotsPanthers
64.3%
Pelicans, PistonsPacers
64%
Cavaliers, ClippersCeltics
53.5%
Rams, Ravens, RedskinsRaiders
52.7%
Teams Missing Team % Correct
Blue Jays, BravesBrewers
50.4%
Bears, Bengals, Bills, Broncos, BuccaneersBrowns
50.1%
Thunder, Trail BlazersTimberwolves
46.3%
Cardinals, Chargers, Chiefs, ColtsCowboys
44.4%
Penguins, PredatorsPanthers
35.2%
Rangers, Rays, Red Sox, Reds, RoyalsRockies
35%
Blue Jackets, Blues, BruinsBlackhawks
34%
Sabres, Senators, StarsSharks
33.2%
Canadiens, Canucks, CapitalsCoyotes
25.6%

You're not logged in!

Compare scores with friends on all Sporcle quizzes.
Join for Free
OR
Log In

You Might Also Like...

Show Comments

Extras

Top Quizzes Today


Score Distribution

Your Account Isn't Verified!

In order to create a playlist on Sporcle, you need to verify the email address you used during registration. Go to your Sporcle Settings to finish the process.

Report this User

Report this user for behavior that violates our Community Guidelines.

Details: